[Event "EU-Cup 21st"]
[Site "Saint Vincent"]
[Date "2005.09.22"]
[Round "5.1"]
[White "Georgiev, Kiril"]
[Black "Cvitan, Ognjen"]
[Result "1-0"]
[WhiteElo "2666"]
[BlackElo "2491"]
[Annotator "Roiz,M"]
[PlyCount "65"]
[EventDate "2005.09.18"]
[EventType "team-swiss"]
[EventRounds "7"]
[EventCountry "ITA"]
[SourceTitle "CBM 110"]
[Source "ChessBase"]
[SourceDate "2006.01.31"]
[SourceVersion "1"]
[SourceVersionDate "2006.01.31"]
[SourceQuality "1"]
[WhiteTeam "Skopje"]
[BlackTeam "Biel"]
[WhiteTeamCountry "MKD"]
[BlackTeamCountry "SUI"]

1. d4 Nf6 2. c4 e6 3. Nf3 b6 4. g3 Ba6 5. Qb3 Nc6 {The most popular
continuation - black is trying to exploit the somewhat vulnerable position of
Qb3.} ({The alternatives are:} 5... c6) (5... d5) 6. Nbd2 {The alternative
here is 6.Bd2, but as the modern practice shows, black gets excellent results
in this line.} d5 {This advancement is quite logical, since the Nd2 doesn't
put serious pressure on the centre.} ({Another common line here is:} 6... Na5 {
[%cal Oa5b3,Gc7c5] followed by 7...c5.}) 7. Qa4 ({Another possibility is:} 7.
Bg2 {Here is some example from the modern practice:} Bd6 8. O-O O-O 9. Qa4 Bb7
10. Nb1 Ne4 11. Nc3 Nxc3 12. bxc3 Na5 13. Nd2 Qe8 14. Qc2 dxc4 15. Bxb7 Nxb7
16. Nxc4 Qb5 $11 {1/2-1/2 Sargissian,G-Efimenko,Z/Caleta ENG 2005/The Week in
Chess 535 (40)}) 7... Bb7 8. Ne5 $6 {In my opinion, this brave move is
premature and cannot promise white any advantage. In fact, it leads only to
the exchange of the Nc6, which is not placed ideally!} ({The critical line
here is probably:} 8. Bg2 Bd6 9. cxd5 exd5 10. Nc4 dxc4 11. Ne5 Bb4+ 12. Kf1 {
with a very sharp play.}) 8... Bd6 {A typical idea for this system - white
cannot win the piece, since his queen is not protected after 9.Nxc6 Qd7.} 9.
cxd5 exd5 10. Ndc4 {This is a new move from a technical point of view, but
actually the real novelty comes later, as the text only leads to a repetition
of moves.} Bb4+ {Of course, there is no reason for exchanging the dark-squared
bishop at this early stage of the game.} 11. Nd2 {A sad necessity, but
probably black cannot profit from this retreat!} ({Dubious would be:} 11. Bd2
$2 dxc4 12. Bxb4 Qd5 13. Nf3 a5 14. Bd2 b5 $17 {[%cal Ob5a4,Gc6d4]}) 11... Bd6
({I can hardly recommend:} 11... Qd6 $6 12. a3 Bxd2+ 13. Bxd2 O-O 14. Bf4 $14 {
and white's chances are slighty better due to his pair of bishops.}) 12. Bg2 $6
{Kiril has a good fighting spirit, but white had no objective reason for
avoiding the draw.} O-O {As a result of white's 7th brave move, black has
already some development advantage!} 13. Ndc4 $146 {An additional risky
decision - white's play is very provocative!} ({After} 13. Nxc6 Qd7 14. O-O
Bxc6 15. Qc2 Rfe8 $15 {1-0 Wielecki,Z-Strzelecki,J/Wisla 2000/EXT 2005 (44)
black's position is already preferable}) ({Hardly better is also:} 13. Ndf3 Qe8
14. Nxc6 Bxc6 15. Qc2 Bb5 $15) 13... b5 $6 {Black finds an interesting
tactical resourse, but he could maintain an advantage by simple moves!} ({
A double-edged position could arise afer:} 13... Bxe5 14. Nxe5 (14. dxe5 Ne4
$15) 14... Nxe5 15. dxe5 Nd7 16. f4 Qe7 17. Qc2 (17. O-O f6 $15) 17... c5 18.
O-O $132) ({But I failed to find an acceptable option for white after the
natural} 13... Bb4+ $142 $1 14. Bd2 (14. Nd2 $2 Nxd4 15. e3 b5 16. Qd1 Nc6 $17)
(14. Kf1 $2 Nxd4 15. e3 Qe8 16. Qxe8 Raxe8 17. exd4 Ba6 $17) 14... dxc4 ({
black's position is also preferable after:} 14... Bxd2+ $5 15. Nxd2 Nxe5 16.
dxe5 Nd7 17. f4 {(otherwise the Pe5 will fall soon)} f6 18. exf6 Nxf6 $15) 15.
Bxb4 b5 16. Qd1 Nxb4 17. Bxb7 Rb8 {[%cal Ob8b7,Gd8d4]} 18. Nc6 Nxc6 19. Bxc6
Qd6 $36 {[%cal Od6c6,Gc7c5,Gf8d8] followed by c7-c5 and Rf8-d8. In my opinion,
white's position is very dangerous here!}) 14. Qxb5 {Choosing a very
complicated line, where black can even win the exchange!} ({White hardly can
fight for any advantage after:} 14. Nxc6 Bxc6 15. Qa6 bxc4 (15... dxc4 $5 16.
Bxc6 Bb4+ 17. Kf1 Rb8 $132 {[%csl Ra6]}) 16. Qxc6 Rb8 (16... h6 $5 17. O-O Rb8
$132 18. Bxd5 $140 Rb6 19. Qxc4 Rb4 20. Qc6 Rb6 $11) 17. O-O (17. Bg5 Rb6 18.
Bxf6 Qxf6 19. Qxd5 Rxb2 $11) 17... Qe8 18. Qxe8 Rfxe8 $132) 14... Nxd4 15. Qxb7
dxc4 {Once again, black goes for a more quiet continuation which promises him
only equality.} ({I don't see anything wrong with accepting the challenge:} 
15... Nc2+ $5 16. Kf1 Bxe5 17. Nxe5 Nxa1 18. Nc6 Qd7 {Now white should play
very correctly in oder to get a sufficient compensation for the exchange:} 19.
Bf4 (19. Bg5 Ne4 20. Bxe4 dxe4 21. Kg2 Nc2 22. Ne7+ Kh8 23. Qxe4 f6 24. Bf4
Rae8 25. Qxc2 Rxe7 $15) 19... Rfe8 (19... Nc2 $5 20. Qxc7 Qe6) 20. h4 $1 (20.
Bf3 $2 Qh3+) 20... Qe6 (20... Nc2 $2 21. Bh3 {[%csl Rd7]}) 21. Bf3 Nc2 (21...
d4 $6 22. Kg2 Qxa2 23. Be5 $36) 22. Kg2 Nb4 $1 23. Nxb4 Rab8 24. Qxc7 Rxb4 25.
b3 $13) ({Black had also another good possibility:} 15... Qe7 $5 {(winning the
piece back)} 16. Ne3 (16. O-O Bxe5 17. Nxe5 Nxe2+ 18. Kh1 Qxe5 19. Be3 Rab8 20.
Qxa7 d4 $17) 16... Qxe5 17. Qa6 Bb4+ 18. Kf1 Rfe8 {~~/=/+ and here black is at
least not worse, since white's pieces are not coordinated.}) 16. Nc6 $8 {
Now the play becomes quite forced.} Nxc6 17. Bxc6 Rb8 18. Qxa7 Bb4+ {This was
the point of black's previous play - now he wins the pawn back.} 19. Kf1 Qd1+
20. Kg2 Qxe2 {Black's pieces are very active now, so white should connect the
rooks as soon as possible.} 21. Bf3 Qc2 {Keeping the queen very active and
taking control of Pb2.} ({After} 21... Qe6 22. Rd1 Bd6 23. Qa4 Rfe8 24. Qc2 Be5
25. Rb1 $14 {white's chances are somewhat better.}) 22. Bf4 ({Another way of
development may be strongly met by:} 22. Be3 Bd2 $1 ({Less convincing is:} 
22... Qxb2 $6 23. Rab1 Qa3 24. Rhc1 $14 {and white is still better.}) 23. Bd4
Ne4 $1 {[%cal Ca7c7,Ge4g5]} 24. Qxc7 Ng5 25. Qe5 Qg6 {[%csl Rf3][%cal Cf3h5,
Ch5g6,Gg5f3]} 26. Bh5 Qc6+ 27. f3 Ne6 $132 {and black has a clear counterplay.}
) 22... Bd6 {[%csl Rb2][%cal Oc2b2,Ch1c1,Cc1c2,Gb8b2] Freeing a way for the
Rb8.} ({Black had also another tempting opportuntiy of exchanging the
dark-squared bishops:} 22... Bd2 $5 23. Be5 Qf5 24. Bc3 (24. Bd4 Ne4 $132 {
[%cal Ge4g5]}) 24... Bxc3 25. bxc3 Rbd8 {[%cal Gd8d3]} 26. Rhd1 Rd3 27. Rxd3
cxd3 28. Qxc7 g5 $1 $132 {[%cal Gg5g4,Gf8c8]}) 23. Rac1 Qxb2 {A direct play!} (
{Weaker would be:} 23... Qf5 $6 24. Rxc4 Rxb2 25. Re1 $14) 24. Rxc4 Bxf4 25.
Rxf4 {Now white's winning chances are connected only with the passed Pa2.} Rfd8
$6 {This move is quite logical, but the position deserves a more concrete play
from black!} ({I would prefer:} 25... Qc3 $142 {intending to advance the Pc7
and preparing a penetration of Rb8.} 26. a4 (26. Rf5 Rb2 27. a4 Nd7 {[%cal
Ch1d1,Cd1d7,Gd7e5]} 28. Qa5 Qc2 29. Rf1 c6 $132) 26... c5 27. a5 Rb2 28. Bc6
Ra2 29. a6 Qd3 30. Qxc5 Qxa6 $11) 26. a4 Qc3 $2 {A waste of time - now the Pa4
becomes very powerful.} ({It looks like black could hold on by:} 26... Qb6 $142
27. Qxb6 cxb6 28. Rb1 Kf8 {and it's not easy to make progress by white. For
instance,} 29. Rfb4 Nd7 30. Rd4 (30. Bc6 Ne5 31. Be4 Nd7) 30... Ke7 31. Bc6 (
31. Re1+ Kf8 32. Bc6 Nc5 33. Rxd8+ Rxd8 34. Rb1 Rd4 $11) 31... Nc5 32. Rdb4
Rbc8 ({Only not} 32... Kd6 $2 33. Bf3 Kc7 34. Rc4 $18 {[%cal Ga4a5]}) 33. Rxb6
Rd6 34. Bb7 Rxb6 35. Rxb6 Nxa4 36. Ra6 Rc7 $11) 27. Rd1 $1 {It's important to
swap the rooks - this will ease white to advance the passed Pa4. Suddenly
black finds himself in real troubles!} c5 $2 {As it usually happens, one
mistake leads to another one. After exchanging the rooks, white's passed pawn
becomes unstoppable.} ({Necessary was:} 27... Re8 28. a5 Rb2 29. a6 Ra2 30. Qb7
Qc2 31. Rf1 Qc5 32. Bc6 $16 {and although white's advantage is serious, black
is still in the game.}) 28. Rxd8+ Rxd8 29. a5 $18 {Now everything is over -
black has no counterplay.} Qe5 ({Black would be also helpless either after} 
29... h6 30. a6 Qa5 31. Qb7 $18) ({or after} 29... Re8 30. a6 Qd3 31. Qb7 Re1
32. h4 Qf1+ 33. Kh2 $18) 30. a6 g5 {Desperation in a lost position! This only
creates an additional weakness.} (30... Qd6 31. Qb7 $18 {[%cal Ga6a7]}) (30...
Rb8 31. Rxf6 gxf6 32. Qd7 Rf8 33. a7 Qa1 34. Qb7 $18) 31. Qb6 Rd6 32. Qb8+ Kg7
33. a7 1-0

[Event "Moscow Aeroflot op-A"]
[Site "Moscow"]
[Date "2003.02.15"]
[Round "5"]
[White "Roiz, Michael"]
[Black "Shariyazdanov, Andrey"]
[Result "1-0"]
[WhiteElo "2512"]
[BlackElo "2576"]
[Annotator "Roiz,M"]
[PlyCount "91"]
[EventDate "2003.02.10"]
[EventType "swiss"]
[EventRounds "9"]
[EventCountry "RUS"]
[SourceTitle "CBM 094"]
[Source "ChessBase"]
[SourceDate "2003.05.26"]
[SourceVersion "1"]
[SourceVersionDate "2003.05.26"]
[SourceQuality "1"]

1. d4 Nf6 2. Nf3 e6 3. c4 b6 4. g3 Ba6 5. Nbd2 Bb4 6. Qc2 Bb7 7. Bg2 c5 {
This is very solid system for black.} 8. dxc5 (8. O-O cxd4 9. Nxd4 Bxg2 10.
Kxg2 Qc7 (10... O-O 11. N2f3 Be7 12. e4 d6 13. Re1 Qd7 14. b3 Rc8 15. Qe2 Qb7
16. Bb2 Nbd7 17. Kg1 a6 18. a4 $14 {1/2-1/2 Kortschnoj,V-Sax,G/EUCup f
Rotterdam 1988}) 11. N2f3 a6 12. Bg5 Be7 13. e4 Nc6 14. Nxc6 Qxc6 15. Rfe1 h6
16. Bxf6 Bxf6 17. e5 Be7 18. Rad1 Rc8 19. Qd3 Rc7 20. b3 O-O 21. Qe4 Qc5 22.
Re2 b5 23. Rc2 Rfc8 24. Rdc1 Qb4 25. Nd2 d5 26. exd6 Qxd6 27. Nf3 Qc6 28. Qxc6
Rxc6 29. Nd4 Rd6 30. cxb5 Rxc2 31. Nxc2 axb5 32. Ne3 Ra6 {1/2-1/2 Ftacnik,
L-Sax,G/Haninge 1990}) 8... Bxc5 9. O-O (9. e4 Nc6 10. O-O Qc7 11. a3 Be7 12.
b3 O-O 13. Bb2 d6 14. Rac1 Rac8 15. b4 Qb8 16. Qd3 Qa8 17. Rfd1 Rfd8 18. Qe2
Nb8 19. Ne1 Nbd7 20. Nd3 {1/2-1/2 Yrjola,J-Sax,G/EU-chT (Men) 1992}) 9... Be7
10. a3 {[%cal Gb2b4] I wanted to gain more space on the queen-side.} (10. b3 {
is more popular, but the practice shows that black has good chanses for
equality:} d6 11. Bb2 Nbd7 12. e4 (12. Ng5 Bxg2 13. Kxg2 Rc8 14. Rac1 h6 15.
Ngf3 O-O 16. Rfd1 Qc7 17. h3 Qb7 $11 {1/2-1/2 Hjartarson,J-Sax,G/Reykjavik 1988
}) (12. Rad1 Qc7 13. Qb1 O-O 14. e4 a6 15. Nd4 Rfe8 16. Rfe1 Bf8 17. h3 Rac8
18. Nf1 Nc5 19. Nd2 Ncd7 20. Re2 {1/2-1/2 Piket,J-Huebner,R/Hoogovens Wijk aan
Zee 1992}) 12... O-O 13. Nd4 Qc7 14. Rac1 a6 15. Nb1 Rfe8 16. Nc3 Bf8 17. Qd2
Rad8 18. Rfe1 Qb8 19. h3 g6 $11 {1/2-1/2 Dautov,R-Andersson,U/Ter Apel 1995}) (
10. e4 d6 11. e5 dxe5 12. Nxe5 Bxg2 13. Kxg2 Qc7 14. Ndf3 O-O 15. Qe2 Qb7 16.
b3 Nbd7 17. Nxd7 Nxd7 18. Bb2 Rfd8 19. Rfd1 Nc5 $11 {1/2-1/2 Vaganian,R-Sax,G/
World Cup Skellettea 1989}) 10... Qc7 11. b4 d6 (11... a5 12. b5 d5 13. Bb2 $14
) 12. Bb2 O-O 13. Rac1 Nbd7 14. Qb3 Rac8 15. Nd4 a6 16. f4 Bxg2 17. Kxg2 e5 $1
$146 {This standard move looks very dangerous for black:Whites knight gets his
ideal place on f5.But actually black has a solid position and his counterplay
in the centre is good enouth.} (17... Rfe8 $6 18. Qf3 g6 19. b5 $1 {[%csl Rc6]}
a5 20. Nc6 Bf8 21. e4 $36 {1-0 Ftacnik,L-Gedevanishvili,D/Sydney Mercantile
1991}) 18. Nf5 Rfe8 19. Qf3 {I spent a lot of time for this natural move and
understood that i have to play accurately,otherwise black may seize the
initiative.} (19. fxe5 $6 Nxe5 20. Bxe5 dxe5 21. Qf3 (21. e4 Rcd8) 21... e4 22.
Nxe4 Nxe4 23. Qxe4 Bg5 $15) 19... Bf8 20. e4 (20. g4 exf4 21. g5 Ne5 $1 22.
Qxf4 (22. Bxe5 Rxe5 {[%csl Rf5][%cal Ge5f5]}) 22... Nfd7 $132) 20... Qb7 21.
Ne3 {[%cal Ge3d5]} b5 $6 (21... exf4 22. Qxf4 Ne5 23. Bxe5 Rxe5 24. Nd5 Nxd5
25. cxd5 $11) 22. Nd5 bxc4 23. fxe5 dxe5 $6 {As it usually happens,one mistake
leads to another.} (23... Nxe5 $142 24. Nxf6+ gxf6 25. Bxe5 Rxe5 26. Nxc4 Rxe4
27. Rf2 $14 {[%cal Gc4a5]}) 24. Nxc4 Qb5 $6 25. Na5 Rxc1 $2 (25... Bd6 $14) 26.
Bxc1 $16 {[%cal Gc1g5] Black cannot create any counterplay.} Qa4 $2 (26... Bd6
$8 {[%cal Yd6c7]} 27. Bg5 Re6 $16) 27. Rf2 Rc8 28. Nc3 $1 $18 {Suddenly,blacks
queen has no squares-the game is over.} Rxc3 29. Qxc3 Qd1 (29... Nxe4 30. Qc2
Qxc2 31. Rxc2 $18) 30. Qc2 Qg4 31. Qe2 Qe6 {All the endgames are completely
lost for black,so his next moves are force.} (31... Qxe4+ 32. Qxe4 Nxe4 33. Rc2
$18) 32. Qc4 Qg4 33. Qe2 $138 {My next moves are connected with the
time-trouble.} Qe6 34. Qc4 Qg4 35. h3 Qd1 36. Qc2 Qd4 37. Nb3 Qb6 38. Bg5 Ne8 (
38... h6 39. Bxf6 Nxf6 40. Nc5) 39. Qd3 Nd6 40. Qd5 {Now white Q has a full
control in the centre and black cannot create even some threats.} h6 41. Nc5 $1
Nb8 42. Be3 Nc6 43. Qd3 Nb8 44. Nd7 Qb7 45. Nxb8 Nxe4 46. Qd7 1-0

[Event "ISR-ch"]
[Site "Tel Aviv"]
[Date "2002.12.02"]
[Round "8"]
[White "Roiz, Michael"]
[Black "Lerner, Konstantin Z"]
[Result "1-0"]
[WhiteElo "2512"]
[BlackElo "2504"]
[Annotator "Roiz,M"]
[PlyCount "119"]
[EventDate "2002.11.24"]
[EventType "swiss"]
[EventRounds "9"]
[EventCountry "ISR"]
[SourceTitle "CBM 093"]
[Source "ChessBase"]
[SourceDate "2003.04.01"]
[SourceVersion "1"]
[SourceVersionDate "2003.04.01"]
[SourceQuality "1"]

1. d4 Nf6 2. Nf3 e6 3. c4 b6 4. g3 Ba6 5. Nbd2 {One year ago I played against
Konstantin 5.b3 and won an exellent game, but I was sure that my experienced
opponent prepared an improvement in this line.} Bb4 6. Qc2 Bb7 7. Bg2 c5 {
Not very popular system nowdays, but a solid one. Konstantin Lerner used to
play it in most of the games with 5.Nbd2.} (7... Be4 {Is the main continuation.
} 8. Qb3 (8. Qd1 O-O 9. O-O Bxd2 10. Qxd2 d6 (10... a5 11. b3 a4 12. Ba3 d6 13.
Rfd1 Nbd7 14. Bf1 Re8 15. Nh4 Bb7 16. f3 d5 17. Qc2 c5 $13 {[%csl Rh4]
0-1Topalov,V-Adams,M/Dortmunder Schachtage 1999}) 11. b3 Nbd7 12. Bb2 a5 13.
Rfd1 a4 14. Bh3 {[%cal Gf3g5,Gd2c3,Gf3d2]} Bxf3 15. exf3 d5 16. f4 g6 17. Bf1
$14 {0.5-0.5Ivanchuk,V-Anand,V/Amber-blind 10th 2001}) 8... Bxd2+ 9. Bxd2 O-O
10. O-O d6 11. Rfd1 Nbd7 12. Rac1 Re8 {This is a favourite system of Michael
Adams} (12... h6 13. Bh3 Re8 14. Ne1 d5 15. f3 Bf5 16. g4 $5 Bg6 17. g5 hxg5
18. Bxg5 c5 $13 {0.5-0.5 Piket,J-Almasi,Z/Eu-ch 2nd playoff g15' rapid 2001})
13. Be1 (13. Qe3 a5 14. Bc3 d5 15. Ne5 Bxg2 16. Kxg2 Qc8 {[%csl Rc3][%cal
Gc8b7] Lalic,B-Adams,M/Redbus Knockout 2000}) (13. Bh3 Qe7 14. Be3 {[%cal
Gf3d2]} a5 15. Nd2 Bb7 16. Qc2 c5 17. dxc5 bxc5 $11 {0-1Dao Thien Hai-Adams,M/
FIDE-Wch k.o 2000}) 13... Qe7 14. Qe3 a5 15. Bf1 Bb7 16. Nh4 Qf8 17. Qd3 e5 18.
d5 Nc5 19. Qc2 Bc8 20. f3 Kh8 21. Bf2 Ng8 22. e4 $14 {0-1Sakaev-Adams/EUCup
18th Halkidiki 2002}) 8. dxc5 (8. O-O {gives nothing:} cxd4 9. Nxd4 Bxg2 10.
Kxg2 Qc7 (10... O-O 11. N2f3 Be7 12. e4 d6 13. Re1 Qd7 14. b3 Rc8 15. Qe2 Qb7
16. Bb2 Nbd7 17. Kg1 a6 $11 {0.5-0.5Kortschnoj,V-Sax,G/EUCup f Rotterdam 1988})
11. N2f3 a6 12. Bg5 Be7 13. e4 Nc6 14. Nxc6 Qxc6 15. Rfe1 h6 16. Bxf6 Bxf6 17.
e5 Be7 18. Rad1 Rc8 19. Qd3 Rc7 20. b3 O-O $11 {0.5-0.5Ftachnik,L-Sax,G/
Haninge 1990}) 8... Bxc5 9. a3 $5 {[%cal Gb2b4]} (9. O-O Be7 (9... O-O $2 10.
e4 $1 {[%csl Rc5][%cal Ge4e5] and black is in trouble because he cannot play
d7-d6}) 10. b3 {The most popular move. But in my opinion, there is no serious
problems for black and his development is very comfortable.For example:} d6 (
10... Qc7 11. Bb2 d6 12. Rac1 Nbd7 13. e4 O-O 14. Nd4 a6 15. Rfe1 Rfe8 16. Qd1
Rac8 17. Nb1 Qb8 18. Nc3 Bf8 $11 {0.5-0.5Sakaev,K-Chuchelov,V/EUCup 18th
Halkidiki 2002}) 11. Bb2 Nbd7 12. Rad1 (12. e4 O-O 13. Nd4 Qc7 14. Rac1 a6 15.
Nb1 Rfe8 16. Nc3 Bf8 17. Qd2 Rad8 18. Rfe1 Qb8 $11 {0.5-0.5Dautov,R-Andersson,
U/Ter Apel 1995}) 12... Qc7 13. Ng5 Bxg2 14. Kxg2 b5 $1 $11 {0.5-0.5Van
Wely-Lerner/Bern op 1993}) 9... Qc7 $146 {It's unbelievable,but the natural a3
with b4 was played only one time!  I saw this brilliant Ftachnik's game and
decided to go for it!} (9... O-O 10. O-O Be7 11. b4 d6 12. Bb2 Qc7 13. Rac1
Nbd7 14. Qb3 Rac8 15. Nd4 $1 {[%csl Rc6][%cal Gb4b5]} Bxg2 16. Kxg2 a6 17. f4
$1 Rfe8 18. Qf3 g6 19. b5 $16 {Ftachnik,L-Gedevanishvili,D/Sydnei Mercantile
1991}) 10. O-O Be7 11. b4 a5 $5 {If black want to play a7-a5 he have to do it
now because after 12.Bb2 and Bc3 this move will only create a weakness on-b6.}
12. b5 {There is no choice:} (12. Rb1 $6 axb4 13. axb4 Na6 $1) 12... d5 $6 {
A serious positional mistake. After this move the c6 square will be very weak.}
(12... d6 $142 13. Bb2 O-O 14. Rac1 Rc8 {with good equalizing chanses}) 13. Bb2
Nbd7 14. Rac1 Rc8 15. Qb1 Bc5 $2 {Strange decision. After this move black's
position is very hard.} (15... Qb8 $142 16. Nd4 {[%cal Yd4c6]} O-O 17. cxd5
Nxd5 $14 {[%cal Gd7c5]}) (15... Nc5) 16. cxd5 Bxd5 (16... exd5 17. Nd4 O-O 18.
e3 $16 {[%csl Rc6,Rd5][%cal Gd4f5]}) 17. e4 Bb7 (17... Ba8 $142) 18. e5 Nd5 (
18... Ng4 19. Ne4 O-O (19... Ngxe5 $4 20. Nxe5 Nxe5 21. Nxc5 Bxg2 22. Nxe6) 20.
h3 Nh6 21. Nd6 $16 {[%csl Rh6]} Bxf3 22. Bxf3) 19. Ne4 $16 Qd8 (19... O-O 20.
Nfg5 g6 21. Nd6 Rb8 22. Rfd1 $16) 20. Nfd2 {[%csl Rd6][%cal Gd2c4,Gc4d6]} (20.
Nfg5 $1 {[%cal Gc1c5] was more agressive} Be7 $8 21. h4 h6 (21... Kf8 $16) 22.
Nxe6 $1 fxe6 23. Nd6+ Bxd6 24. Qg6+ Kf8 25. exd6 N7f6 $8 26. Rxc8 Bxc8 27. Bxd5
exd5 28. Re1 $18 {[%cal Gb2f6,Ge1e7]}) 20... O-O 21. Nc4 Rc7 22. Ncd6 Ba8 23.
Nxc5 Nxc5 (23... bxc5 $16 {[%csl Ra5,Gb5,Rc5]} 24. Rfd1) 24. Bd4 {[%csl Yc5,
Gd4][%cal Gd4c5]} Nd7 (24... f6 25. f4 {[%csl Re6]}) 25. Rxc7 Qxc7 $2 {After
this move black cannot survive - all his pieces are very passive.} ({the only
way to fight was} 25... Nxc7 26. Bxa8 Qxa8 27. Rc1 Nd5 $16) 26. Rc1 Qb8 27. f4
Rd8 28. Qc2 $1 {[%csl Yc6,Yc7,Yc8][%cal Gc2c8]} Ne7 {Black wants to change the
bishops but now it's too late!} 29. Qc7 Bxg2 30. Qxb8 Rxb8 31. Rc7 $1 $18 {
Full domination!} (31. Kxg2 $2 Nd5 $14 {[%cal Gg8f8,Gf8e7]}) 31... Rd8 32. Kxg2
Nd5 33. Rb7 f5 34. Kf3 {[%cal Gh2h3,Gg3g4,Gd4f2,Gf2h4]} h6 35. g4 $1 (35. a4 g5
) (35. Nc4 $2 Rc8 36. Nxb6 N7xb6 37. Bxb6 Rc3+ $14 {[%csl Gc3,Gd5]}) 35...
fxg4+ (35... g6 36. gxf5 gxf5 37. Bf2 {[%cal Gf2h4]}) 36. Kxg4 g6 (36... Rf8
37. f5 exf5+ 38. Kf3 $18 {[%cal Ge5e6]}) 37. Ne4 {[%csl Rf6][%cal Ge4f6]} Rf8
$8 38. Nf6+ N7xf6+ 39. exf6 Rf7 (39... Nxf6+ 40. Bxf6 Rxf6 41. Rxb6 {[%csl Ra5]
} Rf5 42. Rb7 $1 $18 {[%csl Rg8]}) 40. Rb8+ Rf8 (40... Kh7 41. a4 $18) 41. Rb7
$138 Rf7 42. Rb8+ Rf8 43. Rxf8+ Kxf8 44. a4 $1 $18 {Just in time! Now white is
winning because black has nothing to do and white can bring his king to d6.}
Kf7 45. Kf3 {[%cal Gf3e4,Ge4e5]} g5 46. fxg5 hxg5 47. Kg4 Nxf6+ (47... Kg6 48.
f7 Kxf7 49. Kxg5 $18) 48. Kxg5 Nd7 49. h4 e5 50. Be3 Nf6 51. Bxb6 Ne4+ 52. Kf5
(52. Kg4 $18) 52... Nd6+ (52... Nc3 53. Kxe5 Nxa4 54. Bd4 $18 {
Springerbeherrschung}) 53. Kg4 Nc4 54. Bc7 Ke6 55. h5 e4 56. h6 e3 57. h7 e2
58. Bxa5 ({Einfacher und nicht weniger effektvoll war} 58. h8=Q Ne3+ 59. Kg5
e1=Q 60. Qe5+ Kd7 61. Qd6+ Ke8 (61... Kc8 62. Qd8+ Kb7 63. Qb8#) 62. Qe6+ Kf8
63. Bd6+ Kg7 64. Qg6+ Kh8 65. Be5# {(Hecht)}) 58... Ne5+ 59. Kg3 Ng6 60. Kf2 {
[%mdl 36]} 1-0